Breve diccionario filosófico
Uloženo v:
| Hlavní autor: | |
|---|---|
| Médium: | Kniha |
| Jazyk: | španělština |
| Vydáno: |
Pamplona
Verbo Divino
1991
|
| Témata: | |
| Tagy: |
Přidat tag
Žádné tagy, Buďte první, kdo vytvoří štítek k tomuto záznamu!
|
MARC
| LEADER | 00000nam a2200000 a 4500 | ||
|---|---|---|---|
| 001 | UCX4959 | ||
| 003 | CL-VaPUC | ||
| 008 | 920817e19910000SP |||||||||||||||||spa|d | ||
| 082 | 0 | 4 | |a 103 |b QUI |2 21 |
| 100 | 0 | |a Quintanilla, Miguel Angel |e author |9 321249 | |
| 245 | 1 | 0 | |a Breve diccionario filosófico |
| 300 | |a 296 p | ||
| 942 | |c BK | ||
| 945 | |d 19920817 00:00:00 | ||
| 260 | |a Pamplona |b Verbo Divino |c 1991 | ||
| 650 | 0 | |a Filosofía |9 223554 | |
| 650 | 0 | |a Diccionario Español |9 255650 | |
| 583 | |a last modification |c 20120709 11:32:46 |k Rodrigo Vera | ||
| 999 | |c 225320 |d 225318 | ||
| 952 | |0 0 |1 0 |4 0 |6 103_000000000000000_QUI_1991 |7 0 |8 F |9 222734 |a BIBTEO |b BIBTEO |d 2019-11-15 |i 2915243 |l 1 |o 103 QUI 1991 |p 2915243 |r 2025-01-17 |s 2023-10-23 |w 2019-11-15 |y BK_F |k ICR | ||
| 952 | |0 0 |1 0 |4 0 |6 103_000000000000000_QUI_1991 |7 0 |8 F |9 222735 |a BIBTEO |b BIBTEO |d 2019-11-15 |i 3971430 |o 103 QUI 1991 |p 3971430 |r 2025-01-17 |w 2019-11-15 |y BK_F |k ICR | ||